| 000 | 01361nam a2200229Ii 4500 | ||
|---|---|---|---|
| 003 | JO-AjNU | ||
| 005 | 20240623115329.0 | ||
| 008 | 230605s9999||||xx |||||||||||||| ||und|| | ||
| 040 |
_aJO-AjNU _bara _erda _cJO-AjNU |
||
| 041 | _aara | ||
| 050 | 1 | 4 | _aBP144 2018 |
| 100 | 3 |
_aاعداد مناع، احمد محمد نايف؛ اشراف عبد المجيد محمد الصلاحين, _eauthor _957879 |
|
| 245 | 0 | 0 | _aدراسة وتحقيق مخطوط" حاشية القريمي على التلويح" للإمام احمد بن عبدالله القريمي الحنفي 879هجري من بداية كتاب القياس الى نهاية الكتاب = Critical Study and Authenticity of Book Manuscript " Hasheiat Alqereemi aia Altalweeh " by Ahmad ben Abdullah Alqereemi Alhanafi- 879AH from the beginning of Al-Qeyas to the end of the book |
| 264 | 3 | 1 | _a 2018 |
| 300 | _a285 ورقة | ||
| 336 |
_atext _btxt _2rdacontent |
||
| 337 |
_aunmediated _bn _2rdamedia |
||
| 338 |
_avolume _bnc _2rdacarrier |
||
| 500 | _aرسالة جامعية (اطروحة دكتوراة في الفقة واصولة )--اجامعة العلوم الاسلامية العالمية، كلية الدراسات العليا، عمان)، 2018 | ||
| 650 | 4 |
_aاحمد بن عبدالله القريمي الحنفي 879هجري- فقه اسلامي _957880 |
|
| 942 |
_2lcc _cTHS |
||
| 999 |
_c29531 _d29531 |
||